[Event "Varsity Match"]
[Site "London ENG"]
[Date "2013.03.09"]
[Round "1.1"]
[White "Panjwani, Raja"]
[Black "Franklin, Samuel"]
[Result "1-0"]
[WhiteElo "2407"]
[BlackElo "2322"]
[PlyCount "83"]
[EventDate "2013.03.09"]
[EventType "team"]
[EventRounds "1"]
[EventCountry "ENG"]
[WhiteTeam "Oxford"]
[BlackTeam "Cambridge"]

1. c4 Nf6 2. Nc3 g6 3. e4 d6 4. d4 Bg7 5. Nf3 O-O 6. Be2 e5 7. Be3 Ng4 8. Bg5
f6 9. Bh4 g5 10. Bg3 Nh6 11. dxe5 dxe5 12. Qc2 g4 13. Rd1 Qe8 14. Nh4 Nc6 15.
Nd5 Qf7 16. Nf5 Nxf5 17. exf5 Qh5 18. Ne3 Nd4 19. Qe4 Nxf5 20. Bxg4 Nxg3 21.
Qd5+ Qf7 22. Qxf7+ Rxf7 23. Rd8+ Rf8 24. Rxf8+ Bxf8 25. hxg3 Bxg4 26. Nxg4 f5
27. Ne3 Bb4+ 28. Ke2 Rf8 29. Rh5 f4 30. Rg5+ Kh8 31. Nf5 fxg3 32. Nxg3 Rd8 33.
Ne4 Bf8 34. Rxe5 Kg7 35. b3 Kf7 36. f4 h6 37. f5 Bg7 38. Re6 c6 39. g4 a5 40.
g5 hxg5 41. Nxg5+ Kg8 42. Rg6 1-0

[Event "Hastings Masters 2012-13"]
[Site "Hastings ENG"]
[Date "2012.12.29"]
[Round "2.4"]
[White "Panjwani, Raja"]
[Black "Pert, Nicholas"]
[Result "1/2-1/2"]
[WhiteElo "2402"]
[BlackElo "2557"]
[PlyCount "81"]
[EventDate "2012.12.28"]
[EventType "swiss"]
[EventRounds "10"]
[EventCountry "ENG"]

1. c4 Nf6 2. Nc3 e5 3. Nf3 Nc6 4. e4 Bb4 5. d3 d6 6. h3 Be6 7. a3 Bc5 8. b4 Bb6
9. Nd5 Bxd5 10. exd5 Nd4 11. Bb2 Nxf3+ 12. Qxf3 a5 13. Be2 axb4 14. axb4 Rxa1+
15. Bxa1 O-O 16. O-O Nd7 17. Bc3 Qg5 18. Ra1 f5 19. Kh2 Qh4 20. g3 Qh6 21. Bf1
g5 22. Qe2 g4 23. Bd2 Qg7 24. Be3 e4 25. Ra3 exd3 26. Qxd3 Ne5 27. Qc3 Bxe3 28.
Qxe3 gxh3 29. Bxh3 Nxc4 30. Qe6+ Kh8 31. Rf3 Ne5 32. Rxf5 Nf3+ 33. Kh1 Ng5 34.
Rxf8+ Qxf8 35. Qd7 Nxh3 36. Qxh3 Qf3+ 37. Kg1 Qd1+ 38. Kh2 Qxd5 39. Qc8+ Kg7
40. Qxc7+ Kg6 41. Qe7 1/2-1/2

[Event "Hastings Masters 2012-13"]
[Site "Hastings ENG"]
[Date "2012.12.30"]
[Round "3.4"]
[White "Jones, Gawain C"]
[Black "Panjwani, Raja"]
[Result "1-0"]
[WhiteElo "2644"]
[BlackElo "2402"]
[PlyCount "57"]
[EventDate "2012.12.28"]
[EventType "swiss"]
[EventRounds "10"]
[EventCountry "ENG"]

1. d4 Nf6 2. c4 e6 3. Nc3 Bb4 4. Qc2 Nc6 5. Nf3 d6 6. Bd2 O-O 7. a3 Bxc3 8.
Bxc3 Re8 9. e3 Qe7 10. Be2 a5 11. O-O a4 12. d5 Nd8 13. Rfd1 Nd7 14. Bd3 h6 15.
dxe6 Nxe6 16. Nd4 Ndc5 17. Bh7+ Kf8 18. Nf5 Qd8 19. f4 g6 20. Bxg6 fxg6 21.
Nxh6 Ke7 22. Qxg6 Rf8 23. f5 Qe8 24. f6+ Kd7 25. f7 Qe7 26. Bf6 Nf4 27. Qf5+
Qe6 28. Qxf4 Ne4 29. Bg7 1-0

[Event "Hastings Masters 2012-13"]
[Site "Hastings ENG"]
[Date "2012.12.31"]
[Round "4.17"]
[White "Panjwani, Raja"]
[Black "Flear, Christine"]
[Result "1-0"]
[WhiteElo "2402"]
[BlackElo "2156"]
[PlyCount "46"]
[EventDate "2012.12.28"]
[EventType "swiss"]
[EventRounds "10"]
[EventCountry "ENG"]

1. e4 c5 2. Nf3 e6 3. d4 cxd4 4. Nxd4 a6 5. Nc3 b5 6. Bd3 Bb7 7. O-O Qb6 8. Nb3
Qc7 9. Qe2 d6 10. Bd2 Nf6 11. a4 b4 12. Na2 a5 13. c3 bxc3 14. Rfc1 Nbd7 15.
Nxc3 Nc5 16. Nb5 Qd8 17. Nxc5 dxc5 18. Bf4 Rc8 19. Na7 Nd7 20. Bb5 Qb6 21. Nxc8
Bxc8 22. Rd1 f6 23. Rd2 Qd8 1-0

[Event "Hastings Masters 2012-13"]
[Site "Hastings ENG"]
[Date "2013.01.01"]
[Round "5.12"]
[White "Eames, Robert"]
[Black "Panjwani, Raja"]
[Result "0-1"]
[WhiteElo "2263"]
[BlackElo "2402"]
[PlyCount "94"]
[EventDate "2012.12.28"]
[EventType "swiss"]
[EventRounds "10"]
[EventCountry "ENG"]

1. d4 f5 2. Bg5 d5 3. e3 Nf6 4. Bxf6 exf6 5. c4 Be6 6. Nc3 dxc4 7. d5 Bf7 8.
Bxc4 a6 9. Nge2 c5 10. Nf4 b5 11. Bd3 Qd7 12. Qf3 b4 13. Nce2 Ra7 14. Rd1 g6
15. Bc4 Qd6 16. Ne6 Nd7 17. N2f4 Ne5 18. Qe2 g5 19. Nxf8 Kxf8 20. Ne6+ Ke7 21.
Ng7 Bg6 22. f4 Nd7 23. O-O Rg8 24. Ne6 h6 25. Rd2 Bf7 26. b3 Bg6 27. a3 a5 28.
Ra1 Rga8 29. Rda2 bxa3 30. Rxa3 Nb6 31. Qd3 Kf7 32. Rd1 g4 33. Ra2 h5 34. Bb5
Rc8 35. Bc4 h4 36. Qc3 Rca8 37. Kf2 a4 38. Rda1 Nxd5 39. Bxd5 Qxd5 40. Nxc5 Rc7
41. b4 h3 42. Kg1 Rd8 43. Rc2 hxg2 44. Rxg2 Ke7 45. Rc1 Be8 46. b5 Bxb5 47. Qb4
Qd1+ 0-1

[Event "Hastings Masters 2012-13"]
[Site "Hastings ENG"]
[Date "2013.01.02"]
[Round "6.8"]
[White "Panjwani, Raja"]
[Black "Duff, Rufus"]
[Result "1-0"]
[WhiteElo "2402"]
[BlackElo "2114"]
[PlyCount "69"]
[EventDate "2012.12.28"]
[EventType "swiss"]
[EventRounds "10"]
[EventCountry "ENG"]

1. e4 e5 2. Nf3 Nc6 3. Bb5 a6 4. Ba4 Nf6 5. O-O Be7 6. Bxc6 dxc6 7. d3 Nd7 8.
Nbd2 O-O 9. Nc4 f6 10. Nh4 Nb8 11. Nf5 c5 12. f4 Nc6 13. Nxe7+ Qxe7 14. f5 b6
15. Ne3 Bb7 16. Rf3 Nd4 17. Rh3 Qf7 18. Qg4 Rfd8 19. c3 Nb5 20. a4 Na7 21. Nc4
Nc6 22. Qh4 h5 23. Rg3 Kf8 24. Be3 a5 25. Rg6 Rxd3 26. Bh6 Qxc4 27. Rxf6+ Kg8
28. Qg5 Rd7 29. Rg6 Rad8 30. Rf1 Ba6 31. Re1 Nd4 32. Rxg7+ Kh8 33. Qg6 Nf3+ 34.
gxf3 Qg8 35. f6 1-0

[Event "Hastings Masters 2012-13"]
[Site "Hastings ENG"]
[Date "2013.01.03"]
[Round "7.4"]
[White "Vocaturo, Daniele"]
[Black "Panjwani, Raja"]
[Result "1/2-1/2"]
[WhiteElo "2521"]
[BlackElo "2402"]
[PlyCount "203"]
[EventDate "2012.12.28"]
[EventType "swiss"]
[EventRounds "10"]
[EventCountry "ENG"]

1. e4 c5 2. Nc3 e6 3. f4 d5 4. Nf3 Nc6 5. Bb5 Nf6 6. e5 Nd7 7. Bxc6 bxc6 8. d3
Be7 9. O-O O-O 10. Qe1 c4 11. d4 f5 12. Nd1 c5 13. Be3 Qc7 14. Bf2 cxd4 15.
Nxd4 Nc5 16. Bh4 Bxh4 17. Qxh4 Rb8 18. Qe1 Bd7 19. b4 cxb3 20. axb3 Ne4 21. Nf2
Nc3 22. Qe3 Qc5 23. Rfe1 Rb4 24. Nxe6 Qxe3 25. Rxe3 Rc8 26. Nxg7 d4 27. Ree1
Rb7 28. Nh5 Nd5 29. Nf6+ Nxf6 30. exf6 Rxc2 31. Rad1 Rxb3 32. Re7 Bb5 33. Rxd4
Rc1+ 34. Nd1 Rd3 35. Rxd3 Bxd3 36. Rxa7 Rxd1+ 37. Kf2 Be4 38. Rg7+ Kf8 39. Rxh7
Rd2+ 40. Ke3 Rd3+ 41. Ke2 Rd6 42. g3 Rxf6 43. h3 Ra6 44. Rd7 Ra2+ 45. Rd2 Ra3
46. g4 Rxh3 47. gxf5 Ke7 48. Rd4 Bxf5 49. Kf2 Ke6 50. Kg2 Ra3 51. Kf2 Bg4 52.
Rb4 Kf5 53. Rb5+ Kxf4 54. Rb4+ Kg5 55. Rd4 Bf3 56. Rb4 Kf5 57. Rb8 Be4 58. Rf8+
Ke5 59. Re8+ Kf4 60. Rf8+ Bf5 61. Re8 Rc3 62. Re2 Bd3 63. Rd2 Rb3 64. Ra2 Rb1
65. Ra4+ Be4 66. Ra2 Rd1 67. Rb2 Rh1 68. Rd2 Rb1 69. Ke2 Rb4 70. Kf2 Ra4 71.
Ke2 Ra3 72. Kf2 Bd3 73. Rb2 Rc3 74. Ke1 Ke3 75. Re2+ Kd4 76. Rf2 Rc1+ 77. Kd2
Ra1 78. Rf4+ Be4 79. Rf2 Rh1 80. Ke2 Rc1 81. Kd2 Ra1 82. Ke2 Ra3 83. Kd2 Bf3
84. Ke1 Bg4 85. Rd2+ Ke4 86. Kf2 Bf3 87. Rb2 Kf4 88. Rd2 Ra1 89. Rd4+ Be4 90.
Rd2 Rb1 91. Ke2 Rb3 92. Ke1 Bd3 93. Rf2+ Ke3 94. Re2+ Kd4 95. Rf2 Ke4 96. Kd2
Rb2+ 97. Ke1 Rb8 98. Kd2 Rc8 99. Ke1 Rh8 100. Kd2 Kd4 101. Rf4+ Be4 102. Rf2
1/2-1/2

[Event "Hastings Masters 2012-13"]
[Site "Hastings ENG"]
[Date "2013.01.04"]
[Round "8.6"]
[White "Panjwani, Raja"]
[Black "Alsina Leal, Daniel"]
[Result "0-1"]
[WhiteElo "2402"]
[BlackElo "2511"]
[PlyCount "124"]
[EventDate "2012.12.28"]
[EventType "swiss"]
[EventRounds "10"]
[EventCountry "ENG"]

1. e4 c5 2. Nf3 d6 3. d4 cxd4 4. Nxd4 Nf6 5. Nc3 a6 6. g3 e5 7. Nb3 Be7 8. Bg2
b5 9. O-O Bb7 10. Bd2 Nbd7 11. Nd5 Nxd5 12. exd5 a5 13. a4 b4 14. c3 bxc3 15.
Bxc3 Qb6 16. Ra3 Nc5 17. Nxa5 Rxa5 18. b4 Ra7 19. a5 Qc7 20. bxc5 dxc5 21. Qa4+
Kf8 22. Re1 f6 23. f4 exf4 24. Re6 Ra6 25. Qxf4 Qxf4 26. gxf4 Bd6 27. Be5 Bxe5
28. fxe5 Rxe6 29. dxe6 Bxg2 30. Kxg2 Ke7 31. exf6+ gxf6 32. Rc3 Rc8 33. Kf3
Kxe6 34. Ke4 f5+ 35. Kf4 c4 36. a6 Kd5 37. Kxf5 Kd4 38. Rc1 c3 39. Kg5 Rc7 40.
Kh6 Kd3 41. Rd1+ Ke2 42. Rc1 Kd2 43. Ra1 Ra7 44. Ra5 c2 45. Rd5+ Kc3 46. Rc5+
Kd3 47. Rc6 Rxa6 48. Rxa6 c1=Q+ 49. Kxh7 Qc7+ 50. Kg6 Qxh2 51. Ra3+ Kc4 52.
Ra4+ Kb5 53. Rg4 Kc5 54. Rg5+ Kd6 55. Kg7 Qb2+ 56. Kh7 Ke6 57. Rg7 Kf6 58. Kg8
Qb8+ 59. Kh7 Qe8 60. Rc7 Qe4+ 61. Kh8 Qh1+ 62. Kg8 Qg2+ 0-1

[Event "Philadelphia int."]
[Site "Philadelphia USA"]
[Date "2012.07.01"]
[Round "5"]
[White "Sethuraman, SP."]
[Black "Panjwani, Raja"]
[Result "1-0"]
[WhiteElo "2546"]
[BlackElo "2416"]
[PlyCount "71"]
[EventDate "2012.06.29"]
[EventType "swiss"]
[EventRounds "9"]
[EventCountry "USA"]
[Source "Mark Crowther"]
[SourceDate "2012.07.02"]

1. e4 g6 2. d4 Bg7 3. Nc3 c6 4. Nf3 d5 5. h3 dxe4 6. Nxe4 Nf6 7. Nxf6+ exf6 8.
Bc4 O-O 9. O-O a5 10. Bf4 Na6 11. d5 cxd5 12. Bxd5 Nb4 13. c4 Nxd5 14. cxd5 g5
15. Bh2 f5 16. d6 Be6 17. h4 g4 18. Nd4 Bd7 19. Rc1 Qf6 20. Nb3 b6 21. Re1 f4
22. Rc4 Bh6 23. Rc7 Qxh4 24. g3 Qh3 25. gxf4 a4 26. Nd4 Rfe8 27. Re7 Rxe7 28.
dxe7 Re8 29. Bg3 Rxe7 30. Nf5 Bxf5 31. Rxe7 Bf8 32. Re5 Bc5 33. Qd8+ Kg7 34.
Bh4 Qd3 35. Qf6+ Kg8 36. Re8+ 1-0

[Event "Philadelphia int."]
[Site "Philadelphia USA"]
[Date "2012.07.02"]
[Round "7"]
[White "Shyam, Nikhil Ponnusamy"]
[Black "Panjwani, Raja"]
[Result "0-1"]
[WhiteElo "2502"]
[BlackElo "2416"]
[PlyCount "98"]
[EventDate "2012.06.29"]
[EventType "swiss"]
[EventRounds "9"]
[EventCountry "USA"]
[Source "Mark Crowther"]
[SourceDate "2012.07.02"]

1. e4 c5 2. Nf3 e6 3. d4 cxd4 4. Nxd4 Nf6 5. Nc3 d6 6. Be2 a6 7. a4 Be7 8. O-O
Qc7 9. Kh1 O-O 10. f4 b6 11. Bf3 Bb7 12. e5 dxe5 13. fxe5 Nfd7 14. Bf4 Nc6 15.
Bxc6 Bxc6 16. Qg4 Bb7 17. Rae1 Kh8 18. Re3 Qc4 19. Rd1 Rfd8 20. Rg3 g6 21. Rh3
Nc5 22. Be3 Rd7 23. Qf4 Bf8 24. Rg1 Rad8 25. Nf3 Qxf4 26. Bxf4 Kg8 27. Bg5 Rc8
28. Rh4 b5 29. axb5 axb5 30. h3 Na4 31. Nxb5 Nxb2 32. Rd4 Rxd4 33. Nfxd4 Nc4
34. Re1 Rc5 35. Bf4 Bg7 36. Rb1 Bxe5 37. Bxe5 Rxe5 38. Nc7 Bd5 39. Rb8+ Kg7 40.
Kh2 Nd6 41. Rd8 Nf5 42. c3 Nxd4 43. cxd4 Re4 44. Ne8+ Kh6 45. g4 Kg5 46. Nd6
Rxd4 47. Nxf7+ Kh4 48. Ne5 Rd2+ 49. Kg1 Kg3 0-1

[Event "Chicago op"]
[Site "Wheeling USA"]
[Date "2012.05.25"]
[Round "3"]
[White "Arjun, Vishnuvardhan"]
[Black "Panjwani, Raja"]
[Result "0-1"]
[WhiteElo "2296"]
[BlackElo "2416"]
[PlyCount "116"]
[EventDate "2012.05.24"]
[EventType "swiss"]
[EventRounds "9"]
[EventCountry "USA"]

1. e4 c5 2. Nf3 e6 3. d4 cxd4 4. Nxd4 Nc6 5. Nb5 d6 6. c4 a6 7. N5c3 Nf6 8. g3
Be7 9. Bg2 O-O 10. O-O Qc7 11. h3 Bd7 12. Be3 Rab8 13. Na3 Ne5 14. Rc1 Rfc8 15.
f4 Ng6 16. Qe2 Qa5 17. Qd2 Qc7 18. Rfd1 b6 19. g4 h6 20. e5 dxe5 21. g5 exf4
22. gxf6 fxe3 23. Qxd7 gxf6 24. Ne2 Qe5 25. Qd4 Qg5 26. Kh1 Rd8 27. Qe4 f5 28.
Qc6 Ne5 29. Qc7 Bf6 30. Nc2 Kh8 31. Ne1 Rg8 32. Ng1 f4 33. Rc2 Qf5 34. Re2 Rbc8
35. Qb7 Rcd8 36. Rxd8 Rxd8 37. Qe4 Qxe4 38. Bxe4 Nxc4 39. b3 Nd2 40. Bb7 a5 41.
Ng2 e5 42. Re1 Be7 43. Nf3 Nxf3 44. Bxf3 Rd2 45. Re2 Rd4 46. Rc2 e4 47. Bh5 Bd6
48. Rc1 Rd3 49. Rd1 e2 50. Rxd3 exd3 51. Kg1 Bc5+ 52. Kh2 Bf2 53. h4 f5 54. Kh3
Kg8 55. Bf3 Kf8 56. h5 Ke7 57. Kh2 Kd6 58. Kh3 Bg3 0-1

[Event "Chicago op"]
[Site "Wheeling USA"]
[Date "2012.05.27"]
[Round "6"]
[White "Panjwani, Raja"]
[Black "Shetty, Atulya"]
[Result "1/2-1/2"]
[WhiteElo "2416"]
[BlackElo "2219"]
[PlyCount "83"]
[EventDate "2012.05.24"]
[EventType "swiss"]
[EventRounds "9"]
[EventCountry "USA"]

1. d4 Nf6 2. c4 e6 3. Nf3 Bb4+ 4. Bd2 Qe7 5. g3 Nc6 6. Nc3 d6 7. Bg2 O-O 8. Rc1
Bxc3 9. Bxc3 Ne4 10. d5 Nxc3 11. Rxc3 Nd8 12. dxe6 fxe6 13. O-O e5 14. c5 Be6
15. cxd6 cxd6 16. Qd2 Nf7 17. Rfc1 d5 18. Rc7 Qf6 19. Qb4 e4 20. Nd4 Ng5 21. f4
exf3 22. Nxf3 Rae8 23. Nxg5 Qxg5 24. Qd4 Re7 25. Bf3 b6 26. Rxe7 Qxe7 27. Qe5
Rf5 28. Qb8+ Rf8 29. Qe5 Rf5 30. Qe3 Qd6 31. Rd1 Qe5 32. Qxe5 Rxe5 33. Rd4 Kf7
34. Kf2 Ke7 35. Ke1 Kd6 36. Kd2 Rf5 37. Rd3 Ke5 38. Bg4 Rf6 39. Bxe6 Kxe6 40.
Re3+ Kd6 41. Re8 Rf2 42. Rg8 1/2-1/2

[Event "Chicago op"]
[Site "Wheeling USA"]
[Date "2012.05.27"]
[Round "7"]
[White "Troff, Kayden"]
[Black "Panjwani, Raja"]
[Result "1-0"]
[WhiteElo "2276"]
[BlackElo "2416"]
[PlyCount "83"]
[EventDate "2012.05.24"]
[EventType "swiss"]
[EventRounds "9"]
[EventCountry "USA"]

1. d4 Nf6 2. c4 g6 3. Nc3 Bg7 4. e4 d6 5. Nf3 O-O 6. Be2 Nbd7 7. O-O e5 8. Be3
Re8 9. d5 Nh5 10. g3 Bf8 11. Ne1 Ng7 12. Nd3 Be7 13. Qd2 f5 14. f3 g5 15. g4
fxg4 16. fxg4 Nf8 17. c5 Ng6 18. Rac1 Nf4 19. cxd6 Bxd6 20. Nb5 Re7 21. Bf3 Ne8
22. Nxd6 cxd6 23. Rc3 Nf6 24. Nf2 h5 25. Bxf4 exf4 26. gxh5 g4 27. Bd1 f3 28.
Kh1 Re5 29. Rg1 Kh7 30. h6 Bd7 31. Qf4 Rc8 32. Rb3 Qe7 33. Rxb7 Rf8 34. Qe3 Rg8
35. Ba4 Rh5 36. Qf4 g3 37. Rxg3 Nxd5 38. Qxf3 Rxg3 39. Qxh5 Nf6 40. Qf5+ Rg6
41. Bxd7 Kxh6 42. Qxg6+ 1-0

[Event "Metropolitan inv. (11th)"]
[Site "Los Angeles USA"]
[Date "2011.08.23"]
[Round "1"]
[White "Amanov, Zhanibek"]
[Black "Panjwani, Raja"]
[Result "1-0"]
[WhiteElo "2382"]
[BlackElo "2420"]
[PlyCount "79"]
[EventDate "2011.08.23"]
[EventType "tourn"]
[EventRounds "9"]
[EventCountry "USA"]
[EventCategory "9"]
[Source "Mark Crowther"]
[SourceDate "2011.09.12"]

1. c4 c5 2. Nf3 d6 3. Nc3 Nf6 4. d4 cxd4 5. Nxd4 a6 6. e4 e6 7. Be2 Be7 8. O-O
O-O 9. Be3 Qc7 10. Rc1 b6 11. Qd2 Bb7 12. f3 Nbd7 13. Rfd1 Rac8 14. Bf1 Qb8 15.
Qf2 Bd8 16. b3 Bc7 17. g4 Rce8 18. Rc2 Ne5 19. h3 Ng6 20. Nde2 Ba8 21. Bg2 b5
22. cxb5 d5 23. bxa6 dxe4 24. fxe4 Rd8 25. Rcd2 Rxd2 26. Rxd2 h5 27. g5 Nh7 28.
a7 Qc8 29. h4 f5 30. Bc5 Rf7 31. e5 Nxe5 32. Bxa8 Qxa8 33. Qg2 Nf3+ 34. Kf2 e5
35. Qxf3 e4 36. Qe3 Nf8 37. Bxf8 Qxf8 38. Nd5 f4 39. Qxe4 f3 40. g6 1-0

[Event "Metropolitan inv. (11th)"]
[Site "Los Angeles USA"]
[Date "2011.08.24"]
[Round "3"]
[White "Matikozian, Andranik"]
[Black "Panjwani, Raja"]
[Result "1/2-1/2"]
[WhiteElo "2451"]
[BlackElo "2420"]
[PlyCount "56"]
[EventDate "2011.08.23"]
[EventType "tourn"]
[EventRounds "9"]
[EventCountry "USA"]
[EventCategory "9"]
[Source "Mark Crowther"]
[SourceDate "2011.09.12"]

1. e4 c5 2. Nc3 e6 3. Nf3 a6 4. g3 Nc6 5. Bg2 Qc7 6. O-O Nge7 7. d4 cxd4 8.
Nxd4 Nxd4 9. Qxd4 Nc6 10. Qd1 Be7 11. a4 O-O 12. f4 d6 13. Kh1 Rb8 14. g4 b5
15. axb5 axb5 16. g5 Re8 17. f5 Bf8 18. f6 g6 19. h4 b4 20. Ne2 Bb7 21. Bf4 Ra8
22. Rxa8 Rxa8 23. h5 Ne5 24. Nd4 Qc4 25. b3 Qc5 26. h6 Nc6 27. Nxc6 Bxc6 28.
Qd2 Ra2 1/2-1/2

[Event "Metropolitan inv. (11th)"]
[Site "Los Angeles USA"]
[Date "2011.08.25"]
[Round "4"]
[White "Panjwani, Raja"]
[Black "Molner, Mackenzie"]
[Result "0-1"]
[WhiteElo "2420"]
[BlackElo "2447"]
[PlyCount "86"]
[EventDate "2011.08.23"]
[EventType "tourn"]
[EventRounds "9"]
[EventCountry "USA"]
[EventCategory "9"]
[Source "Mark Crowther"]
[SourceDate "2011.09.12"]

1. d4 Nf6 2. c4 e6 3. Nf3 c5 4. d5 b5 5. dxe6 fxe6 6. cxb5 a6 7. e3 axb5 8.
Bxb5 Qa5+ 9. Nc3 Ba6 10. Bxa6 Qxa6 11. Qe2 Be7 12. b3 O-O 13. a4 Nc6 14. Ba3
Qa5 15. Rc1 Ne4 16. Qb5 Bd8 17. Bb2 Rb8 18. Qxa5 Bxa5 19. O-O Bxc3 20. Bxc3
Rxb3 21. Nd2 Nxc3 22. Nxb3 Ne2+ 23. Kh1 Nxc1 24. Rxc1 d6 25. f3 Ra8 26. Nd2 Nb4
27. Ne4 Ra6 28. Rd1 Nd5 29. Rb1 h6 30. Rb8+ Kh7 31. Rd8 Rxa4 32. h4 Ra6 33.
Nxd6 Nxe3 34. h5 Ra1+ 35. Kh2 Rd1 36. g4 c4 37. f4 Nxg4+ 38. Kg3 Nf6 39. f5
Rxd6 40. Rxd6 Ne4+ 41. Kf4 Nxd6 42. fxe6 c3 43. Ke3 Kg8 0-1

[Event "Metropolitan inv. (11th)"]
[Site "Los Angeles USA"]
[Date "2011.08.25"]
[Round "5"]
[White "Gareev, Timur"]
[Black "Panjwani, Raja"]
[Result "0-1"]
[WhiteElo "2613"]
[BlackElo "2420"]
[PlyCount "128"]
[EventDate "2011.08.23"]
[EventType "tourn"]
[EventRounds "9"]
[EventCountry "USA"]
[EventCategory "9"]
[Source "Mark Crowther"]
[SourceDate "2011.09.12"]

1. d4 Nf6 2. Nf3 e6 3. c4 c5 4. d5 exd5 5. cxd5 d6 6. Nc3 g6 7. Bf4 a6 8. a4
Bg7 9. h3 O-O 10. e3 Qe7 11. Nd2 Nbd7 12. Nc4 Ne8 13. Be2 f5 14. Qd2 Rb8 15. a5
Ne5 16. Bxe5 Bxe5 17. O-O f4 18. exf4 Bxf4 19. Qd1 Ng7 20. Bg4 Bxg4 21. Qxg4
Rbe8 22. Rad1 Bh6 23. g3 Nf5 24. Kg2 Bg7 25. h4 Bf6 26. Kg1 Bd4 27. Nd2 Nh6 28.
Qh3 Bxc3 29. bxc3 Qe2 30. Nb1 Ng4 31. Rd2 Qc4 32. Rb2 h5 33. f3 Ne3 34. Re1
Rxf3 35. Nd2 Qxc3 36. Nxf3 Qxb2 37. Qh2 Qxh2+ 38. Nxh2 Kf8 39. Nf3 Nc4 40. Ra1
Re3 41. Kf2 Rd3 42. Ng5 Rxd5 43. Ra4 Rd2+ 44. Ke1 Rc2 45. Ne6+ Ke7 46. Nf4 Ne5
47. Kd1 Rb2 48. Kc1 Rf2 49. Ra3 c4 50. Ra4 Kd7 51. Kd1 c3 52. Ra3 Rd2+ 53. Kc1
Nd3+ 54. Nxd3 Rxd3 55. g4 hxg4 56. Ra4 Rg3 57. Kc2 Kc6 58. Rb4 d5 59. Kb3 Kc5
60. Rxb7 d4 61. Rb6 Rg1 62. Rxa6 Rb1+ 63. Kc2 Rb2+ 64. Kd3 Kd5 0-1

[Event "Metropolitan inv. (11th)"]
[Site "Los Angeles USA"]
[Date "2011.08.26"]
[Round "6"]
[White "Panjwani, Raja"]
[Black "Altounian, Levon"]
[Result "1-0"]
[WhiteElo "2420"]
[BlackElo "2431"]
[PlyCount "80"]
[EventDate "2011.08.23"]
[EventType "tourn"]
[EventRounds "9"]
[EventCountry "USA"]
[EventCategory "9"]
[Source "Mark Crowther"]
[SourceDate "2011.09.12"]

1. d4 e6 2. c4 f5 3. g3 Nf6 4. Bg2 Bb4+ 5. Nd2 O-O 6. Ngf3 d5 7. O-O c6 8. Qc2
Nbd7 9. Ne5 Nxe5 10. dxe5 Ne4 11. a3 Ba5 12. Rd1 Qe7 13. Nf3 Bb6 14. Nd4 Bd7
15. f3 Ng5 16. Bxg5 Qxg5 17. c5 Bc7 18. f4 Qe7 19. b4 g5 20. e3 a5 21. Rab1
axb4 22. axb4 Ra3 23. Ra1 Rfa8 24. Rxa3 Rxa3 25. Qb2 Ra8 26. Ra1 Qf8 27. Ra3 b6
28. Qa2 Rxa3 29. Qxa3 Qb8 30. Nb3 Bc8 31. Bf1 bxc5 32. Nxc5 Bb6 33. Qa4 Qc7 34.
Qa8 Kf7 35. Ba6 Bxa6 36. Qh8 Bc8 37. fxg5 Qe7 38. Qxh7+ Ke8 39. g6 Qg5 40. Qf7+
Kd8 1-0

[Event "Metropolitan inv. (11th)"]
[Site "Los Angeles USA"]
[Date "2011.08.26"]
[Round "7"]
[White "Ginsburg, Mark"]
[Black "Panjwani, Raja"]
[Result "1/2-1/2"]
[WhiteElo "2387"]
[BlackElo "2420"]
[PlyCount "108"]
[EventDate "2011.08.23"]
[EventType "tourn"]
[EventRounds "9"]
[EventCountry "USA"]
[EventCategory "9"]
[Source "Mark Crowther"]
[SourceDate "2011.09.12"]

1. c4 Nf6 2. Nc3 g6 3. e4 d6 4. d4 Bg7 5. h3 O-O 6. Nf3 c5 7. d5 e6 8. Bd3 Na6
9. O-O e5 10. a3 h6 11. Rb1 Nh7 12. b4 f5 13. Nd2 f4 14. Be2 Nf6 15. Nb3 b6 16.
bxc5 bxc5 17. Bd2 g5 18. Nc1 Rf7 19. Nd3 Bf8 20. f3 h5 21. Nf2 Rg7 22. Be1 Nc7
23. Rb3 Bd7 24. Nb5 Nce8 25. Nc3 Be7 26. Qb1 Qc8 27. Qd3 Kh8 28. a4 Ng8 29. a5
Nh6 30. Nb1 Nf6 31. Bc3 Qg8 32. Nd2 g4 33. fxg4 hxg4 34. Nxg4 Nhxg4 35. hxg4
Nxg4 36. Rxf4 Nh6 37. Rf2 Bh4 38. Bf3 Bxf2+ 39. Kxf2 Rf8 40. Ke1 Ng4 41. Nf1
Qh7 42. Rb2 Qh1 43. Kd2 Nh2 44. Nxh2 Qxh2 45. Qe3 Bg4 46. Kd3 Bxf3 47. gxf3 Qh1
48. Rf2 Rg3 49. Ke2 Rb8 50. Qf4 Rb1 51. Qxg3 Qd1+ 52. Ke3 Qc1+ 53. Kd3 Qd1+ 54.
Ke3 Qc1+ 1/2-1/2

[Event "Metropolitan inv. (11th)"]
[Site "Los Angeles USA"]
[Date "2011.08.27"]
[Round "8"]
[White "Bojkov, Dejan"]
[Black "Panjwani, Raja"]
[Result "1-0"]
[WhiteElo "2544"]
[BlackElo "2420"]
[PlyCount "105"]
[EventDate "2011.08.23"]
[EventType "tourn"]
[EventRounds "9"]
[EventCountry "USA"]
[EventCategory "9"]
[Source "Mark Crowther"]
[SourceDate "2011.09.12"]

1. e4 Nf6 2. e5 Nd5 3. d4 d6 4. Nf3 g6 5. Bc4 c6 6. O-O Bg7 7. exd6 Qxd6 8. Re1
O-O 9. Nbd2 Bg4 10. h3 Bxf3 11. Nxf3 a5 12. Bg5 e6 13. a3 b5 14. Ba2 Nd7 15. c3
h6 16. Bh4 Qb8 17. Qd2 Qb7 18. Rad1 Rfc8 19. Bg3 Rd8 20. Qe2 Rac8 21. c4 bxc4
22. Bxc4 Qb6 23. Rd2 c5 24. Red1 Ne7 25. d5 Nxd5 26. Bxd5 exd5 27. Rxd5 Nf8 28.
Be5 Rxd5 29. Rxd5 Qe6 30. Qd2 a4 31. Bxg7 Kxg7 32. Qc3+ Qf6 33. Nd4 Re8 34.
Rxc5 Ne6 35. Nxe6+ Rxe6 36. Kf1 Rb6 37. Qxf6+ Kxf6 38. Rc2 Re6 39. Re2 Re5 40.
Ke1 Kf5 41. Rxe5+ Kxe5 42. Kd2 Kd4 43. Kc2 Kc4 44. g3 h5 45. h4 f6 46. f4 f5
47. b3+ axb3+ 48. Kb2 Kd4 49. Kxb3 Ke3 50. a4 Kf3 51. a5 Kxg3 52. a6 Kxf4 53.
a7 1-0

[Event "CAN-ch"]
[Site "Guelph CAN"]
[Date "2011.05.06"]
[Round "1"]
[White "Haessel, Dale"]
[Black "Panjwani, Raja"]
[Result "0-1"]
[WhiteElo "2233"]
[BlackElo "2450"]
[PlyCount "92"]
[EventDate "2011.05.06"]
[EventType "swiss"]
[EventRounds "9"]
[EventCountry "CAN"]

1. d4 Nf6 2. Nf3 g6 3. c4 Bg7 4. g3 O-O 5. Bg2 d6 6. O-O Nc6 7. Nc3 Bf5 8. d5
Na5 9. Nd4 Bd7 10. b3 c5 11. dxc6 bxc6 12. Bb2 Rb8 13. Qd2 Qb6 14. Rab1 Nb7 15.
Ba1 a5 16. a3 Qa6 17. Rfd1 e5 18. Nc2 Be6 19. e4 Rfd8 20. Ne3 Bh6 21. h3 a4 22.
Nxa4 Bxc4 23. bxc4 Qxa4 24. Qc3 Qa7 25. Ng4 Nxg4 26. hxg4 Nc5 27. Rb4 Ra8 28.
Kh2 Bg7 29. f4 Ne6 30. Qf3 Qxa3 31. Qxa3 Rxa3 32. f5 Nd4 33. Bxd4 exd4 34. Rdb1
Be5 35. R1b3 Rda8 36. g5 Rxb3 37. Rxb3 Kf8 38. Bh3 Kg7 39. Rb7 d3 40. f6+ Kg8
41. Rb3 d2 42. Bg4 h6 43. gxh6 Kh7 44. Rd3 Ra2 45. Kh3 Kxh6 46. Bd7 Ra3 0-1

[Event "CAN-ch"]
[Site "Guelph CAN"]
[Date "2011.05.07"]
[Round "2"]
[White "Panjwani, Raja"]
[Black "Nicholson, Matthew"]
[Result "1-0"]
[WhiteElo "2450"]
[BlackElo "2020"]
[PlyCount "47"]
[EventDate "2011.05.06"]
[EventType "swiss"]
[EventRounds "9"]
[EventCountry "CAN"]

1. d4 Nf6 2. c4 g6 3. Nc3 d5 4. Bg5 Ne4 5. Bh4 Nxc3 6. bxc3 Bg7 7. e3 c5 8.
cxd5 Qxd5 9. Qf3 Qd6 10. Bc4 O-O 11. Ne2 cxd4 12. exd4 e5 13. O-O exd4 14. cxd4
Nc6 15. Rad1 Bf5 16. Bb3 Rac8 17. d5 Ne5 18. Qf4 Qa3 19. d6 Bd7 20. Be7 Rfe8
21. Bf6 Bxf6 22. Qxf6 Be6 23. Qxe5 Bxb3 24. d7 1-0

[Event "CAN-ch"]
[Site "Guelph CAN"]
[Date "2011.05.07"]
[Round "3"]
[White "Sambuev, Bator"]
[Black "Panjwani, Raja"]
[Result "1/2-1/2"]
[WhiteElo "2750"]
[BlackElo "2450"]
[PlyCount "52"]
[EventDate "2011.05.06"]
[EventType "swiss"]
[EventRounds "9"]
[EventCountry "CAN"]

1. d4 Nf6 2. c4 g6 3. Nc3 Bg7 4. e4 d6 5. Nf3 O-O 6. Be2 Na6 7. O-O e5 8. Be3
c6 9. h3 exd4 10. Bxd4 Re8 11. Bd3 Nc5 12. e5 Nh5 13. Bxc5 dxc5 14. Re1 Nf4 15.
Bf1 Bf5 16. Ne4 Bxe4 17. Rxe4 Ne6 18. Qe1 Qc7 19. Qc3 Nd4 20. Rae1 Rad8 21.
Nxd4 Rxd4 22. f4 Rxe4 23. Rxe4 f6 24. b4 fxe5 25. bxc5 Rf8 26. fxe5 Re8 1/2-1/2